Top 10 Most Powerful Civilizations In The Middle Ages - Statistics

General Stats
  • This quiz has been taken 344 times
  • The average score is 2 of 10
Answer Stats
Hint Answer % Correct
2 In 1453 which Empire's capital 'Constantinople' fell to the Ottomans, which there, Sultan 'Mehmed II' the Conqueror, destroyed the remaining Byzantium territory. Byzantine Empire
62%
5 also historically referred to as the Manden Kurufaba, was an empire in West Africa from c. 1230 to c. 1600. Mali
55%
4 Are an East-Central Asian ethnic group native to Mongolia and China's Inner Mongolia Autonomous Region. Mongols
53%
6 Comprised of the dominions, colonies, protectorates, mandates England
28%
9 The only known fully developed writing system of the pre-Columbian Americas—as well as for its art, architecture, mathematics, calendar, and astronomical system. Mayans
16%
8 Also called the Kingdom of the Franks Frankish Empire
13%
10 This civilization isn't known by most Americans, but they created some of the largest Hindu temples in Southeast Asia and the world. Khmer Empire
8%
1 They were one of the many great empires who brought Persia to its feet. Islamic Caliphates
2%
3 Was an era of Chinese history that began in 960 and continued until 1279. Song China
2%
7 A Island that fended off the Mongol invasions for centuries. Ancient Japan
1%
No matching quizzes found
Score Distribution
Percent of People with Each Score
Percentile by Number Answered
Your Score History
You have not taken this quiz